Grammaticism-Mr. Frank Quiz Stats

 Plays Quiz not verified by Sporcle

Challenge
Share
Tweet
Embed
Score 0/8 Timer 04:00
0 Plays Today
In the 1 English Language there are: % Correct
3Uses of Verbs
100%
9Uses of Nouns
100%
2Kinds of Words
83.3%
4Kinds of Sentences
83.3%
5Forms of Verbs
83.3%
6Kinds of Pronouns
83.3%
8Parts of Speech
83.3%
7Common Coordinating Conjunctions
66.7%

You're not logged in!

Compare scores with friends on all Sporcle quizzes.
Join for Free
OR
Log In

You Might Also Like...

Show Comments

Extras

Created Jun 1, 2010ReportNominate
Tags:English, frank

Top Quizzes Today


Score Distribution

Your Account Isn't Verified!

In order to create a playlist on Sporcle, you need to verify the email address you used during registration. Go to your Sporcle Settings to finish the process.

Report this User

Report this user for behavior that violates our Community Guidelines.

Details: